000 00417nam a2200181Ia 4500
001 5146
005 20260306145847.0
008 260306t2005||||xx |||||||||||||| ||spa||
041 _aESP
082 _a333.75
_bC76
100 _aBarrantes, Roxana
_eAUT
245 0 _aLa política forestal en la Amazonía andina
260 _c2005
300 _a
_c
650 _aGEN
654 _aCAN
942 _cLIB
_dJUS
_fJUS
_2ddc
_n
999 _c5146
_d5146